LEADER 01400nam a2200313 i 4500 001 000000333296 003 CaOOAMICUS 005 20190408152629.0 008 190408s2014 it u000 u mul u 013 $a57071 020 $a978-88-452-7564-7 040 $aSeMil$bita 041 1 $aita$ager 100 1 $aBolzano, Bernard,$d<1781-1848>.$0(OLS)http://semarc/name/25912 240 10$aWissenschaftslehre.$0(OLS)http://semarc/title/422626 245 10$aDottrina fondamentale :$b§§ 1-45 della Dottrina della scienza /$cBernard Bolzano ; introduzione e traduzione di Gianni Rigamonti ; note e apparati di Lorenzo Fossati. 264 1$aMilano :$bBompiani,$c2014. 300 $a564 p. ;$c21 cm. 490 0 $aBompiani Testi a fronte ;$v146 500 $aTesto tedesco a fronte 700 1 $aRigamonti, Gianni,$d<1940- >.$0(OLS)http://semarc/name/19187 700 1 $aFossati, Lorenzo.$0(OLS)http://semarc/name/88911 830 0$aBompiani. Testi a fronte ;$v146.$0(OLS)http://semarc/title/12808 850 $aSeMil 852 $aSeMil$W1$xVenegono$y1$m2OA VII 246$j211922$B225408$CSeMilBibl$Z2$F225408 $81 996 $6020$a978-88-452-7564-7$9(OLS)http://semarc/number/287092 996 $6245$aDottrina fondamentale :$b§§ 1-45 della Dottrina della scienza$9(OLS)http://semarc/title/422627 996 $6264$aMilano :$bBompiani$9(OLS)http://semarc/publisher/29706 LEADER 01391nam a2200301 i 4500 001 000000084968 003 CaOOAMICUS 005 20170703000000.0 008 170703s2015 it u000 u ita u 013 $a57208 020 $a978-88-498-4387-3 040 $aSeMil$bita 100 1 $aSturzo, Luigi,$c.$0(OLS)http://semarc/name/414 245 10$aServire non servirsi :$bla prima regola del buon politico /$cLuigi Sturzo ; prefazione di Giovanni Paladino ; postfazione di Marco Vitale. 260 $aSoveria Mannelli :$bRubbettino,$c2015. 300 $a79 p. ;$c19 cm. 490 0 $aZonafranca ;$v16 650 4$aPolitica - Saggi.$0(OLS)http://semarc/subject/2338 650 4$aPolitica - Italia - 1917-1964.$0(OLS)http://semarc/subject/45682 700 1 $aVitale, Marco <1935- >.$0(OLS)http://semarc/name/91840 700 1 $aPaladino, Giovanni.$0(OLS)http://semarc/name/92192 830 0$aZonafranca ;$v16.$0(OLS)http://semarc/title/400412 850 $aSeMil 852 $aSeMil$W1$xVenegono$y1$m3N I 708$j49128$B49128$CSeMilBibl$Z2$F52567 $81 961 $aOmaggio: Perego don Stefano 996 $6020$a978-88-498-4387-3$9(OLS)http://semarc/number/271665 996 $6245$aServire non servirsi :$bla prima regola del buon politico$9(OLS)http://semarc/title/405629 996 $6260$aSoveria Mannelli :$bRubbettino$9(OLS)http://semarc/publisher/32145